000 00661nam a2200217Ia 4500
005 20241129104245.0
008 241129s9999||||xx |||||||||||||| ||und||
020 _a9780520383968
037 _aTextual
040 _aRTL
_beng
_cRTL
041 _aeng
_2eng
084 _aU435 R2
_qRTL
100 _aSadana Rashmi
245 0 _aMoving city: Scenes from the Delhi Metro and the social life of infrastructure
_cSadana Rashmi
260 _aCalifornia
_bUniversity of California Press
_c2022
300 _ax,251p.
365 _aINR
_bRs.2503.52
650 _aCity Planning- Delhi
_9725477
942 _cTB
_hU435 R2
999 _c1225098
_d1225098